Countries that fought in WW2 - Statistics

General Stats
  • This quiz has been taken 41 times
    8 since last reset
  • The average score is 73 of 100
Answer Stats
Answer % Correct
Albania
100%
Australia
100%
Balli Kombëtar
100%
Belgium
100%
Brazil
100%
British Empire
100%
Canada
100%
Czechoslovakia
100%
Francs-Tireurs et Partisans
100%
Free France
100%
French Empire
100%
French Liberation Army
100%
Greece
100%
Greek Partisans
100%
Japan
100%
Mexico
100%
Nationalist Liberation Movement
100%
Netherlands
100%
Norway
100%
Norwegian Partisans
100%
Other Polish Partisans
100%
Poland
100%
Polish Underground State
100%
Prov. Gov.
100%
ROC
100%
Turkey
100%
Ukrainian Insurgents
100%
Ukrainian National Gov.
100%
United States
100%
USSR
100%
USSR & partisans
100%
Yugoslavia
100%
Yugoslav Partisans
100%
Argentina
83%
Bulgaria
83%
Bulgarian Partisans
83%
Cuba
83%
Denmark
83%
Finland
83%
Free Thai Movement
83%
Germany
83%
Haiti
83%
Indonesian National Revolt
83%
Iran
83%
Iraq
83%
Italian Resistance Movement
83%
Italy
83%
Luxembourg
83%
Ma
83%
National Republican Army
83%
Prov. Gov. of Lithuania
83%
Prov. Gov. of the Rep. of Korea
83%
Romania
83%
Thailand
83%
Viet Ninh
83%
Belarusian Partisans
67%
British Burma
67%
Chile
67%
Colombia
67%
Dominican Republic
67%
Egypt
67%
El Salvador
67%
Hungary
67%
Mongolia
67%
New Zealand
67%
Panama
67%
Paraguay
67%
Peru
67%
Saudi Arabia
67%
Slovak National Uprising
67%
Slovak Partisans
67%
Syria
67%
Uruguay
67%
Venezuela
67%
Bolivia
50%
Costa Rica
50%
Danzig
50%
Ecuador
50%
Ethiopia
50%
Guatemala
50%
Honduras
50%
Independent State of Macedonia
50%
Jewish Combat Organization
50%
Lebanon
50%
Liberia
50%
Nepal
50%
Nicaragua
50%
Philippines and partisans
50%
South Africa
50%
Newfoundland
33%
AFO
17%
CCP
17%
Chetniks
17%
Chindits
17%
Cliques
17%
Dutch East Indies
17%
Forest Brothers
17%
Haudenosaunee Confederacy
17%
OUN-M
17%
Black Brigades
0%
No matching quizzes found
Score Distribution
Percent of People with Each Score
Percentile by Number Answered
Your Score History
You have not taken this quiz since the last reset